000 00327nam a2200109Ia 4500
008 171211s9999 xx 000 0 und d
020 _a9781284032314
100 _aDelost, Maria Dannesa
245 _aIntroduction to Diagnostic Microbiology for the Laboratory
260 _bJones & Bartlett Learning
_c2015
300 _a559 pages
999 _c350846
_d350846